| 000 | 00000nas 2200000zi 4500 |
| 001 | 9.902117 |
| 003 | CaOODSP |
| 005 | 20250905131054 |
| 006 | m o d f |
| 007 | cr ||||||||||| |
| 008 | 210728c20169999oncar p o f0###b0fre|d |
| 022 | |a2563-6650 |
| 040 | |aCaOODSP|bfre|erda|cCaOODSP |
| 043 | |an-cn--- |
| 086 | 1 |aPS81-19F-PDF |
| 110 | 2 |aService correctionnel Canada. |
| 222 | 0|aPossibilités de justice réparatrice, services de médiation entre la victime et le délinquant ... |
| 245 | 10|aPossibilités de justice réparatrice, services de médiation entre la victime et le délinquant ... |brésultats correctionnels des rencontres en personne. |
| 246 | 13|aRésultats correctionnels des rencontres en personne |
| 264 | 1|a[Ottawa] : |bService correctionnel Canada = Correctional Service Canada, |c2016- |
| 310 | |aAnnuel |
| 336 | |atexte|btxt|2rdacontent/fre |
| 337 | |ainformatique|bc|2rdamedia/fre |
| 338 | |aressource en ligne|bcr|2rdacarrier/fre |
| 362 | 1 |aParaît depuis 2015-2016. |
| 500 | |aPublié aussi en anglais sous le titre : Restorative opportunities, victim offender mediation services ... |
| 588 | |aDescription d'après : 2015-2016. |
| 588 | |aDernière livraison consultée : 2019-2020. |
| 610 | 26|aService correctionnel Canada|vPériodiques. |
| 650 | 6|aJustice réparatrice|zCanada|vPériodiques. |
| 655 | 7|aPériodiques|2rvmgf |
| 775 | 08|tRestorative opportunities, victim offender mediation services ... |w(CaOODSP)9.902114 |